Ultimates do Valorant - Statistics

Estatísticas Gerais
  • Esse quiz foi jogado 184 vezes
  • A pontuação média é 13 de 69
Estatísticas das Respostas
# Agente Ultimate Fala do agente aliado Fala do agente inimigo % Correto
Sova aliado Eu sou o caçador! a a
68%
Viper inimiga Esse é o meu mundo... a a
50%
Neon inimiga Tô puta! a a
50%
Sage inimiga Você não matará meus aliados! a a
50%
Brim aliado Abram os céus! a a
49%
Cypher inimigo Sei exatamente onde você está! a a
47%
Astra aliada Mundo dividido! a a
39%
Cypher aliado Onde estão escondidos? a a
38%
Raze aliada Chegou o reggae! a a
37%
Reyna aliada Eles vão temer! a a
37%
Chamber inimigo Querem brincar? Vamos brincar! a a
35%
Brim inimigo Chuva de fogo! a a
34%
Raze inimiga Lá vai fogo! a a
32%
Jett aliada Olha essa! a a
32%
Sage aliada Sua missão não acabou! a a
31%
Chamber aliado Eles estão muito mortos! a a
30%
Iso inimigo Sou eu e você agora! a a
29%
Breach aliado Vamo nessa! a a
29%
Omen inimigo Espalhar... a a
27%
Viper aliada Não entra no caminho... a a
26%
Killjoy aliada Contagem iniciada! a a
25%
Kay/O inimigo Você está vulnerável! a a
25%
Sova inimigo Não existe fuga! a a
24%
2 Viper Poço Peçonhento a a
24%
Breach inimigo Vai pro chão! a a
24%
Harbor aliado A maré vai virar! a a
23%
Phoenix aliado Bora lá, time! a a
23%
Deadlock inimiga Meu território, minhas regras! a a
23%
Gekko inimigo Monstro a solta! a a
23%
Fade aliada Pesadelo, acabe com eles! a a
21%
1 Brimstone Ataque Orbital a a
17%
Fade inimiga Encare seu medo! a a
17%
Yoru aliado Eu resolvo! a a
17%
9 Jett Tormenta de Aço a a
16%
4 Killjoy Confinamento a a
14%
6 Sova Fúria do Caçador a a
14%
Phoenix inimigo Na moral, 'cê morreu! a a
14%
Yoru inimigo Quem é o próximo? a a
14%
Omen aliado Eles vão fugir... a a
13%
7 Sage Ressurreição a a
13%
Astra inimiga Sejam divididos! a a
13%
Deadlock aliada Vão direto pra cova! a a
13%
Killjoy inimiga É melhor fugirem! a a
12%
Harbor inimigo É melhor sair da frente! a a
12%
11 Raze Estraga Prazeres a a
12%
5 Cypher Assalto Neural a a
11%
Skye aliada Atrás deles! a a
11%
10 Reyna Imperatriz a a
11%
Iso aliado Chega de distração! a a
9%
Reyna inimiga Foi dada a largada! a a
9%
Kay/O aliado Ninguém pode fugir! a a
8%
21 Gekko Thrash a a
8%
Jett inimiga Não se mete comigo! a a
7%
Gekko aliado Tá contigo, maninha! a a
6%
18 Neon Sobrecarga a a
5%
Skye inimiga Tô na sua cola! a a
5%
17 Chamber Tour de Force a a
5%
16 Kay/O Anular/CMD a a
4%
15 Astra Divisa Cósmica a a
4%
14 Yoru Espionagem Dimensional a a
4%
8 Phoenix Renascimento a a
4%
3 Omen Salto das Sombras a a
4%
Neon aliada E bora nessa! a a
3%
13 Skye Rastreadores a a
3%
23 Iso Contrato de Abate a a
2%
19 Fade Véu da Noite a a
2%
20 Harbor Acerto de Contas a a
1%
22 Deadlock Aniquilação a a
0%
12 Breach Onda Trovejante a a
0%
Nenhum quiz correspondente encontrado
Distribuição das Pontuações
Porcentagem de Pessoas com Cada Pontuação
Percentil de Números Respondidos
Sua Pontuação Histórica
Você não jogou esse quiz